[Event "ENG-ch"]
[Site "Kenilworth"]
[Date "2025.07.21"]
[Round "7.16"]
[White "Martin, Lewis"]
[Black "Fellowes, Billy"]
[Result "1/2-1/2"]
[WhiteElo "2038"]
[BlackElo "2193"]
[PlyCount "133"]
[EventDate "2025.07.18"]
[EventType "swiss"]
[EventRounds "7"]
[EventCountry "ENG"]
[SourceTitle "BritBase"]
[Source "John Saunders"]
[SourceDate "2025.07.21"]
[SourceVersion "1"]
[SourceVersionDate "2025.07.21"]
[SourceQuality "1"]

1. e4 Nc6 2. Nf3 d6 3. d4 Nf6 4. Nc3 g6 5. h3 Bg7 6. Be3 O-O 7. Qd2 e5 8. d5 Ne7 9. O-O-O Bd7 10. g4 c6 11. g5 Ne8 12. dxc6 bxc6 13. Bc4 Be6 14. Bb3 Qc7 15. Qe2 Qa5 16. Bxe6 fxe6 17. Nd2 d5 18. Nb3 Qc7 19. Bc5 Rf4 20. h4 Nd6 21. f3 Raf8 22. Rh3 Nec8 23. Rdh1 Qf7 24. Nd2 h5 25. gxh6 Bxh6 26. Be3 d4 27. Bxf4 Qxf4 28. Ncb1 c5 29. h5 g5 30. Rg1 Kh7 31. Rg4 Qf6 32. Na3 Rf7 33. Nac4 Rb7 34. Nb3 Rc7 35. Nba5 Nxc4 36. Nxc4 Ne7 37. a3 Nc6 38. Kb1 Rd7 39. Qd3 Rb7 40. Rhg3 Rd7 41. Qb3 d3 42. cxd3 Qd8 43. Qb5 Rc7 44. Nd2 c4 45. Qxc4 Nd4 46. Qa4 Ne2 47. Qa6 Nxg3 48. Rxg3 g4 49. Nb3 gxf3 50. Qxe6 Qf8 51. Qg6+ Kh8 52. Rxf3 Qxf3 53. Qxh6+ Kg8 54. Qg6+ Rg7 55. Qe8+ Kh7 56. Qxe5 Qxd3+ 57. Ka2 Rg1 58. Na5 Qb1+ 59. Kb3 Re1 60. Qf5+ Kh8 61. Nc4 Qd3+ 62. Kb4 Rxe4 63. Qf8+ Kh7 64. Qf7+ Kh8 65. Qf8+ Kh7 66. Qf7+ Kh8 67. Qf8+ 1/2-1/2

[Event "ENG-ch"]
[Site "Kenilworth"]
[Date "2025.07.21"]
[Round "7.19"]
[White "Verma, Shlok"]
[Black "Varley, Joe"]
[Result "0-1"]
[WhiteElo "2169"]
[BlackElo "2023"]
[PlyCount "83"]
[EventDate "2025.07.18"]
[EventType "swiss"]
[EventRounds "7"]
[EventCountry "ENG"]
[SourceTitle "BritBase"]
[Source "John Saunders"]
[SourceDate "2025.07.21"]
[SourceVersion "1"]
[SourceVersionDate "2025.07.21"]
[SourceQuality "1"]

1. d4 Nf6 2. c4 g6 3. Nc3 d5 4. Bg5 Ne4 5. Bh4 Nxc3 6. bxc3 Bg7 7. e3 c5 8. Nf3 Nc6 9. Be2 O-O 10. O-O Be6 11. cxd5 Bxd5 12. Nd2 f5 13. Bc4 Kh8 14. Bxd5 Qxd5 15. Qf3 Qd7 16. Nb3 cxd4 17. cxd4 b6 18. Rac1 Rac8 19. Rfd1 Nb4 20. Qe2 e6 21. Qd2 a5 22. a3 Nd5 23. Qd3 Qa4 24. Nd2 b5 25. Qb3 Nc3 26. Qxa4 bxa4 27. Rxc3 Rxc3 28. Be7 Rb8 29. Kf1 Bf8 30. Bf6+ Bg7 31. Be7 Rc2 32. Ke2 Bf8 33. Bf6+ Kg8 34. Kd3 Ra2 35. e4 Rxa3+ 36. Ke2 Bg7 37. Be7 Ra2 38. d5 exd5 39. exd5 Re8 40. d6 Bf6 41. Kd3 Bxe7 42. Kd4 0-1

[Event "ENG-ch"]
[Site "Kenilworth"]
[Date "2025.07.21"]
[Round "7.20"]
[White "Mason, Donald J"]
[Black "Verma, Aditya"]
[Result "1/2-1/2"]
[WhiteElo "2011"]
[BlackElo "2092"]
[PlyCount "64"]
[EventDate "2025.07.18"]
[EventType "swiss"]
[EventRounds "7"]
[EventCountry "ENG"]
[SourceTitle "BritBase"]
[Source "John Saunders"]
[SourceDate "2025.07.21"]
[SourceVersion "1"]
[SourceVersionDate "2025.07.21"]
[SourceQuality "1"]

1. e4 c5 2. Nf3 d6 3. d4 cxd4 4. Nxd4 Nf6 5. Nc3 g6 6. Be3 Bg7 7. f3 Nc6 8. Qd2 O-O 9. Bc4 Bd7 10. O-O-O Rc8 11. Bb3 Ne5 12. h4 Nc4 13. Bxc4 Rxc4 14. h5 Qa5 15. hxg6 fxg6 16. Kb1 Rfc8 17. Nd5 Qxd2 18. Rxd2 Nxd5 19. exd5 h5 20. Re1 Bf6 21. Ree2 a5 22. Rd3 b5 23. b3 Rc3 24. Rxc3 Rxc3 25. Ne6 Bxe6 26. dxe6 a4 27. Bc1 axb3 28. cxb3 Kg7 29. Rc2 Rd3 30. Rd2 Rc3 31. Rc2 Rd3 32. Rd2 Rc3 1/2-1/2

[Event "ENG-ch"]
[Site "Kenilworth"]
[Date "2025.07.21"]
[Round "7.27"]
[White "Sefton, Adam"]
[Black "Okhai, Shabir"]
[Result "1-0"]
[WhiteElo "2047"]
[BlackElo "2089"]
[PlyCount "135"]
[EventDate "2025.07.18"]
[EventType "swiss"]
[EventRounds "7"]
[EventCountry "ENG"]
[SourceTitle "BritBase"]
[Source "John Saunders"]
[SourceDate "2025.07.21"]
[SourceVersion "1"]
[SourceVersionDate "2025.07.21"]
[SourceQuality "1"]

1. d4 Nf6 2. Nf3 e6 3. c4 d5 4. Nc3 Be7 5. Bg5 h6 6. Bh4 O-O 7. cxd5 exd5 8. e3 Nbd7 9. Bd3 c6 10. Qc2 Ne8 11. Bxe7 Qxe7 12. O-O Nd6 13. b4 Nb6 14. Ne5 Ndc4 15. Bxc4 Nxc4 16. Nxc4 dxc4 17. Rab1 b5 18. a4 Bd7 19. a5 f5 20. Qd2 Rad8 21. f3 Be8 22. Rfe1 Bg6 23. Rb2 a6 24. Nb1 Rfe8 25. Qc3 Qf6 26. Rd2 Rd7 27. Na3 Rde7 28. Nc2 Bf7 29. Rf2 Qd6 30. Ref1 Bd5 31. e4 fxe4 32. Ne3 Rd7 33. f4 Qg6 34. f5 Qd6 35. f6 Be6 36. fxg7 Rxg7 37. Rf6 Qe7 38. Qe1 Kh7 39. Qh4 Rg6 40. Qxe4 Reg8 41. h4 h5 42. Qe5 Qg7 43. Qxh5+ Qh6 44. Qxh6+ Kxh6 45. Kh2 Kh5 46. Rxg6 Kxg6 47. g4 Rd8 48. g5 Bd5 49. Rf6+ Kh7 50. h5 Re8 51. Nf5 Be4 52. g6+ Kg8 53. Nd6 Re7 54. h6 Bxg6 55. Rxg6+ Kh7 56. Rg2 c3 57. Rc2 Re3 58. Kg2 Rd3 59. Nf5 Kg6 60. Nh4+ Kxh6 61. Nf3 Kg7 62. Kf2 Rd1 63. Rxc3 Rb1 64. Rxc6 Rxb4 65. Rxa6 Ra4 66. Ke2 b4 67. Nd2 Ra3 68. Rb6 1-0

[Event "ENG-ch"]
[Site "Kenilworth"]
[Date "2025.07.21"]
[Round "7.28"]
[White "Clarke, James"]
[Black "Bevis, Noah"]
[Result "1/2-1/2"]
[WhiteElo "1941"]
[BlackElo "1934"]
[PlyCount "89"]
[EventDate "2025.07.18"]
[EventType "swiss"]
[EventRounds "7"]
[EventCountry "ENG"]
[SourceTitle "BritBase"]
[Source "John Saunders"]
[SourceDate "2025.07.21"]
[SourceVersion "1"]
[SourceVersionDate "2025.07.21"]
[SourceQuality "1"]

1. e4 c5 2. Nf3 Nc6 3. d4 cxd4 4. Nxd4 e5 5. Nb5 d6 6. N1c3 a6 7. Na3 Be6 8. Nd5 Bxd5 9. exd5 Nce7 10. c4 g6 11. Qa4+ Qd7 12. Qxd7+ Kxd7 13. Bd2 Bh6 14. O-O-O Rc8 15. Kb1 Bxd2 16. Rxd2 f5 17. g3 Nf6 18. Bg2 a5 19. b3 Rc5 20. Kb2 Nc8 21. Nb5 Nb6 22. f4 e4 23. Nd4 a4 24. Rc1 axb3 25. axb3 Ra8 26. Ra1 Rxa1 27. Kxa1 Ra5+ 28. Kb2 Na8 29. Bh3 Nc7 30. Rd1 h5 31. Bf1 Ra8 32. h4 Ng4 33. Be2 Nf6 34. b4 Rd8 35. Ra1 Kc8 36. Kc3 Kb8 37. Nc2 b5 38. Ne3 bxc4 39. Bxc4 Kb7 40. Kd4 Kb6 41. Ra5 Ra8 42. Be2 Rd8 43. Nc4+ Kb7 44. Ne3 Kb6 45. Bc4 1/2-1/2

[Event "ENG-ch U1700 Women"]
[Site "Kenilworth"]
[Date "2025.07.18"]
[Round "1.1"]
[White "Gunarathne, Miheli"]
[Black "Singha, Swati"]
[Result "0-1"]
[WhiteElo "1492"]
[BlackElo "1641"]
[PlyCount "78"]
[EventDate "2025.07.18"]
[EventType "swiss"]
[EventRounds "7"]
[EventCountry "ENG"]
[SourceTitle "BritBase"]
[Source "John Saunders"]
[SourceDate "2025.07.24"]
[SourceVersion "1"]
[SourceVersionDate "2025.07.24"]
[SourceQuality "1"]

1. e4 e5 2. Nf3 Nc6 3. Bb5 Nf6 4. Qe2 d6 5. h3 Bd7 6. c3 Qe7 7. d3 h6 8. O-O g5 9. Nh2 Rg8 10. g4 h5 11. f3 d5 12. Kg2 O-O-O 13. Be3 a6 14. Ba4 Nb8 15. Bxd7+ Qxd7 16. Bd2 Bd6 17. Rh1 Qb5 18. Bc1 dxe4 19. fxe4 Be7 20. Rd1 hxg4 21. Nxg4 Nh5 22. Nxe5 Nf4+ 23. Bxf4 gxf4+ 24. Ng4 Nc6 25. Kh2 f3 26. Qxf3 Qxb2+ 27. Nd2 Qxc3 28. Nb3 Kb8 29. Rac1 Bd6+ 30. Kh1 Qh8 31. Kg2 Ne5 32. Qe2 Nxg4 33. hxg4 Qh2+ 34. Kf1 Qh1+ 35. Kf2 Qh4+ 36. Kf1 Rxg4 37. e5 Rf4+ 38. Kg2 Rg8+ 39. Qg4 Rgxg4# 0-1

[Event "ENG-ch U1700 Women"]
[Site "Kenilworth"]
[Date "2025.07.18"]
[Round "1.2"]
[White "Agarwal, Aditi"]
[Black "Gelder, Stephanie"]
[Result "1-0"]
[WhiteElo "1676"]
[BlackElo "1490"]
[PlyCount "71"]
[EventDate "2025.07.18"]
[EventType "swiss"]
[EventRounds "7"]
[EventCountry "ENG"]
[SourceTitle "BritBase"]
[Source "John Saunders"]
[SourceDate "2025.07.24"]
[SourceVersion "1"]
[SourceVersionDate "2025.07.24"]
[SourceQuality "1"]

1. Nf3 c6 2. g3 d5 3. Bg2 Nf6 4. d3 Bf5 5. Nbd2 e6 6. O-O Bd6 7. Re1 O-O 8. e4 dxe4 9. dxe4 Bg6 10. e5 Bc7 11. exf6 Qxf6 12. Nh4 Nd7 13. Nxg6 Qxg6 14. c3 Rad8 15. Be4 f5 16. Bg2 Bb6 17. Qe2 Rfe8 18. Nc4 Bc7 19. Be3 e5 20. Bxa7 b6 21. Rad1 Re7 22. Bxb6 Nxb6 23. Nxb6 Bxb6 24. Qc4+ Re6 25. Rxd8+ Bxd8 26. Bxc6 Kf8 27. Qb4+ Rd6 28. Rd1 Bc7 29. a4 f4 30. a5 Kg8 31. Rxd6 Bxd6 32. Bd5+ Kf8 33. Qb7 fxg3 34. hxg3 Qf6 35. a6 Bc5 36. Qc8+ 1-0

[Event "ENG-ch U1700 Women"]
[Site "Kenilworth"]
[Date "2025.07.18"]
[Round "1.3"]
[White "Ou, Siyao"]
[Black "Ravi, Vaishnavi"]
[Result "1/2-1/2"]
[WhiteElo "1468"]
[BlackElo "1634"]
[PlyCount "64"]
[EventDate "2025.07.18"]
[EventType "swiss"]
[EventRounds "7"]
[EventCountry "ENG"]
[SourceTitle "BritBase"]
[Source "John Saunders"]
[SourceDate "2025.07.24"]
[SourceVersion "1"]
[SourceVersionDate "2025.07.24"]
[SourceQuality "1"]

1. e4 c5 2. Nf3 Nc6 3. d4 cxd4 4. Nxd4 d6 5. Nc3 Nf6 6. Bc4 g6 7. h3 Bg7 8. Be3 O-O 9. Bb3 Na5 10. g4 Nxb3 11. axb3 b6 12. f3 Bb7 13. h4 d5 14. exd5 Nxd5 15. Nxd5 Qxd5 16. Rh3 Rfd8 17. c3 e5 18. Ne2 Qe6 19. Qc2 e4 20. Nf4 Qe7 21. fxe4 Bxe4 22. Qf2 Qc7 23. Kf1 Rd6 24. Re1 Rf6 25. Kg1 Rd8 26. Bxb6 Qxf4 27. Qxf4 Rxf4 28. Bxd8 Rxg4+ 29. Kf2 Bf8 30. b4 Rg2+ 31. Kf1 Rg4 32. Kf2 Rg2+ 1/2-1/2

[Event "ENG-ch U1700 Women"]
[Site "Kenilworth"]
[Date "2025.07.18"]
[Round "1.4"]
[White "Ou, Siyuan"]
[Black "Mehta, Zara"]
[Result "0-1"]
[WhiteElo "1631"]
[BlackElo "1429"]
[PlyCount "105"]
[EventDate "2025.07.18"]
[EventType "swiss"]
[EventRounds "7"]
[EventCountry "ENG"]
[SourceTitle "BritBase"]
[Source "John Saunders"]
[SourceDate "2025.07.24"]
[SourceVersion "1"]
[SourceVersionDate "2025.07.24"]
[SourceQuality "1"]

1. e4 e5 2. Nf3 Nc6 3. Bc4 Bc5 4. c3 Nf6 5. b4 Bb6 6. d3 a6 7. Qb3 Qe7 8. O-O h6 9. Ba3 d6 10. Nbd2 O-O 11. h3 Be6 12. Bxe6 Qxe6 13. Nc4 Ba7 14. Rad1 b5 15. Ncd2 Qxb3 16. Nxb3 d5 17. exd5 Nxd5 18. Bb2 Nf4 19. Rfe1 f6 20. a3 Rad8 21. d4 Rfe8 22. Nc5 Bxc5 23. dxc5 Nd3 24. Re2 Nxb2 25. Rxd8 Rxd8 26. Rxb2 Rd1+ 27. Kh2 e4 28. Nd2 f5 29. Kg3 g5 30. Kh2 Ne5 31. Nb3 Nd3 32. Re2 Rf1 33. Nd4 Rxf2 34. Rxf2 Nxf2 35. Nxf5 Kh7 36. Ne3 Kg6 37. Kg1 Nd3 38. Kf1 h5 39. Ke2 c6 40. c4 Kf6 41. cxb5 axb5 42. Nc2 Ke5 43. Ne3 Nf4+ 44. Kf2 Kd4 45. Nf5+ Kd3 46. h4 gxh4 47. Nxh4 e3+ 48. Ke1 Ne6 49. Nf3 Nd4 50. Kf1 Kc2 51. Ne1+ Kd1 52. Nf3 Nc2 53. Kg1 0-1

[Event "ENG-ch U1700 Women"]
[Site "Kenilworth"]
[Date "2025.07.18"]
[Round "1.5"]
[White "Van Neerven, Yvon"]
[Black "Prabhakaran, Anvikkashri"]
[Result "1-0"]
[WhiteElo "1575"]
[BlackElo "1633"]
[PlyCount "83"]
[EventDate "2025.07.18"]
[EventType "swiss"]
[EventRounds "7"]
[EventCountry "ENG"]
[SourceTitle "BritBase"]
[Source "John Saunders"]
[SourceDate "2025.07.24"]
[SourceVersion "1"]
[SourceVersionDate "2025.07.24"]
[SourceQuality "1"]

1. Nf3 e6 2. g3 d5 3. Bg2 Nf6 4. O-O Be7 5. d3 c5 6. Nbd2 Nc6 7. e4 O-O 8. Re1 b6 9. e5 Nd7 10. Nf1 Bb7 11. h4 Qc7 12. Bf4 Rfd8 13. N1h2 Nf8 14. Ng5 Ng6 15. Qh5 h6 16. Nxe6 Nxf4 17. Nxf4 Nd4 18. e6 fxe6 19. Nxe6 Nxe6 20. Rxe6 Bf6 21. Ng4 Qf7 22. Nxf6+ gxf6 23. Qg4+ Qg7 24. Qxg7+ Kxg7 25. Re7+ Kg6 26. Rxb7 d4 27. Re1 Re8 28. Rbe7 Rxe7 29. Rxe7 Rc8 30. Rxa7 c4 31. dxc4 Rxc4 32. Be4+ f5 33. Bd3 Rc5 34. Ra6 Rc6 35. h5+ Kg5 36. f4+ Kg4 37. Kg2 Re6 38. Rxb6 Re3 39. Rg6+ Kxh5 40. Bxf5 Re2+ 41. Kh3 Re1 42. g4# 1-0

[Event "ENG-ch U1700 Women"]
[Site "Kenilworth"]
[Date "2025.07.18"]
[Round "1.6"]
[White "Patel, Diah"]
[Black "Vijay, Kayal"]
[Result "0-1"]
[WhiteElo "1547"]
[BlackElo "1561"]
[PlyCount "54"]
[EventDate "2025.07.18"]
[EventType "swiss"]
[EventRounds "7"]
[EventCountry "ENG"]
[SourceTitle "BritBase"]
[Source "John Saunders"]
[SourceDate "2025.07.24"]
[SourceVersion "1"]
[SourceVersionDate "2025.07.24"]
[SourceQuality "1"]

1. d4 d5 2. c4 e6 3. Nc3 Be7 4. Nf3 Nf6 5. Bg5 h6 6. Bh4 O-O 7. e3 b6 8. Be2 Bb7 9. O-O Nbd7 10. Qd3 c5 11. b3 Ne4 12. Bxe7 Qxe7 13. cxd5 exd5 14. Rad1 cxd4 15. Qxd4 Ndf6 16. Nxe4 dxe4 17. Ne5 Rfd8 18. Qc3 Rac8 19. Rxd8+ Qxd8 20. Bc4 Nd5 21. Qd4 f6 22. Ng6 Kh7 23. Qxe4 Kg8 24. Rd1 b5 25. Bxd5+ Bxd5 26. Rxd5 Rc1+ 27. Rd1 Rxd1# 0-1

[Event "ENG-ch U1700 Women"]
[Site "Kenilworth"]
[Date "2025.07.18"]
[Round "1.7"]
[White "Boozorginia, Zoya"]
[Black "Royce, Anastasija"]
[Result "0-1"]
[WhiteElo "1504"]
[BlackElo "1578"]
[PlyCount "46"]
[EventDate "2025.07.18"]
[EventType "swiss"]
[EventRounds "7"]
[EventCountry "ENG"]
[SourceTitle "BritBase"]
[Source "John Saunders"]
[SourceDate "2025.07.24"]
[SourceVersion "1"]
[SourceVersionDate "2025.07.24"]
[SourceQuality "1"]

1. e4 e5 2. Nf3 Nc6 3. d4 exd4 4. Bb5 Bc5 5. Nbd2 a6 6. Bxc6 dxc6 7. Nb3 Bb6 8. Nbxd4 c5 9. Nb3 Qxd1+ 10. Kxd1 Bg4 11. Be3 Bxf3+ 12. gxf3 c4 13. Bxb6 cxb6 14. Nd4 Ne7 15. a4 O-O 16. Re1 Rad8 17. c3 Nc6 18. Kc2 Nxd4+ 19. cxd4 Rxd4 20. Kc3 Rdd8 21. h4 h6 22. Rg1 Rd3+ 23. Kxc4 Rd4+ 0-1

[Event "ENG-ch U1700 Women"]
[Site "Kenilworth"]
[Date "2025.07.18"]
[Round "1.8"]
[White "Sengenberger, Sara"]
[Black "Lu, Mobai"]
[Result "0-1"]
[WhiteElo "1661"]
[BlackElo "1144"]
[PlyCount "70"]
[EventDate "2025.07.18"]
[EventType "swiss"]
[EventRounds "7"]
[EventCountry "ENG"]
[SourceTitle "BritBase"]
[Source "John Saunders"]
[SourceDate "2025.07.24"]
[SourceVersion "1"]
[SourceVersionDate "2025.07.24"]
[SourceQuality "1"]

1. e4 c5 2. Nc3 d6 3. f4 e6 4. Nf3 Nf6 5. Bc4 Be7 6. d3 O-O 7. O-O a6 8. a3 b5 9. Ba2 Bb7 10. Qe1 Nbd7 11. h3 Nb6 12. g4 h6 13. f5 exf5 14. gxf5 Re8 15. Kh1 Bf8 16. Qg3 h5 17. Bxf7+ Kxf7 18. Ng5+ Kg8 19. Ne6 Qe7 20. Bg5 Qf7 21. Rg1 Kh8 22. Nf4 Nbd7 23. Ng6+ Kg8 24. Bf4 d5 25. e5 d4+ 26. Kh2 Nxe5 27. Nxe5 Rxe5 28. Bxe5 dxc3 29. Bxc3 Re8 30. Rae1 Rxe1 31. Rxe1 Nd5 32. Bd2 Qxf5 33. Re5 Qf6 34. Bg5 Qf7 35. Bd2 Bc6 0-1

[Event "ENG-ch U1700 Women"]
[Site "Kenilworth"]
[Date "2025.07.18"]
[Round "1.9"]
[White "Tarihalkar, Shrisha"]
[Black "Burgess, Rose"]
[Result "0-1"]
[WhiteElo "977"]
[BlackElo "1542"]
[PlyCount "98"]
[EventDate "2025.07.18"]
[EventType "swiss"]
[EventRounds "7"]
[EventCountry "ENG"]
[SourceTitle "BritBase"]
[Source "John Saunders"]
[SourceDate "2025.07.24"]
[SourceVersion "1"]
[SourceVersionDate "2025.07.24"]
[SourceQuality "1"]

1. e4 e5 2. Bc4 Nf6 3. d4 exd4 4. Nf3 Bb4+ 5. Bd2 Bxd2+ 6. Nbxd2 d6 7. O-O Bg4 8. h3 Bh5 9. Re1 O-O 10. b4 Nc6 11. a3 Ne5 12. Rb1 Bxf3 13. gxf3 Nh5 14. Kh2 Qh4 15. Kg1 Nf4 16. Bf1 Nxh3+ 17. Bxh3 Qxh3 18. Qe2 f5 19. Qf1 Nxf3+ 20. Nxf3 Qxf3 21. Qc4+ Kh8 22. Qxd4 fxe4 23. Rxe4 Rf6 24. Rbe1 a6 25. Re8+ Rxe8 26. Rxe8+ Rf8 27. Re7 Rg8 28. Rxc7 Qxa3 29. Rxb7 Qc1+ 30. Kg2 Qxc2 31. Rb6 Qg6+ 32. Kf1 Ra8 33. Rxd6 Qg5 34. Qe4 Rb8 35. Rxa6 Qb5+ 36. Qe2 Qxb4 37. Re6 Qa4 38. Kg2 Qd7 39. Qe4 h6 40. Re7 Qd6 41. Rf7 Rb4 42. Qe8+ Kh7 43. Rf8 Qd5+ 44. Kg3 Qg5+ 45. Kf3 Qg4+ 46. Ke3 Rb3+ 47. Kd2 Qd4+ 48. Ke2 Qd3+ 49. Ke1 Rb1# 0-1

[Event "ENG-ch U1700 Women"]
[Site "Kenilworth"]
[Date "2025.07.18"]
[Round "2.1"]
[White "Singha, Swati"]
[Black "Boztas, Lana"]
[Result "1-0"]
[WhiteElo "1641"]
[BlackElo "1616"]
[PlyCount "49"]
[EventDate "2025.07.18"]
[EventType "swiss"]
[EventRounds "7"]
[EventCountry "ENG"]
[SourceTitle "BritBase"]
[Source "John Saunders"]
[SourceDate "2025.07.24"]
[SourceVersion "1"]
[SourceVersionDate "2025.07.24"]
[SourceQuality "1"]

1. e4 c5 2. Nc3 Nc6 3. Bc4 d6 4. a3 Nf6 5. d3 g6 6. Nf3 Bg7 7. Ng5 O-O 8. f4 h6 9. Nf3 Bg4 10. h3 Bxf3 11. Qxf3 Nd4 12. Qd1 e6 13. O-O Nh5 14. Qg4 Nxc2 15. Rb1 Bd4+ 16. Kh2 Ne3 17. Bxe3 Bxe3 18. f5 Nf6 19. Qf3 Bd4 20. fxg6 fxg6 21. Bxe6+ Kg7 22. Qe2 Qe7 23. Bg4 h5 24. Bf3 Qe5+ 25. Kh1 1-0

[Event "ENG-ch U1700 Women"]
[Site "Kenilworth"]
[Date "2025.07.18"]
[Round "2.2"]
[White "Mehta, Zara"]
[Black "Agarwal, Aditi"]
[Result "1/2-1/2"]
[WhiteElo "1429"]
[BlackElo "1676"]
[PlyCount "93"]
[EventDate "2025.07.18"]
[EventType "swiss"]
[EventRounds "7"]
[EventCountry "ENG"]
[SourceTitle "BritBase"]
[Source "John Saunders"]
[SourceDate "2025.07.24"]
[SourceVersion "1"]
[SourceVersionDate "2025.07.24"]
[SourceQuality "1"]

1. d4 d5 2. Bf4 Nf6 3. e3 g6 4. Nf3 Bg7 5. Nbd2 O-O 6. c3 e6 7. Bd3 Nbd7 8. O-O Nh5 9. Qc2 Nxf4 10. exf4 c5 11. Rfe1 c4 12. Be2 Bh6 13. g3 b5 14. Ne5 Bb7 15. a4 Nxe5 16. fxe5 a6 17. Ra2 Bc6 18. axb5 axb5 19. Rea1 f5 20. Nf3 f4 21. Ra7 Rxa7 22. Rxa7 Qb6 23. Re7 Re8 24. Rxe8+ Bxe8 25. Qd2 g5 26. Qd1 Bg6 27. Qa1 b4 28. Qa8+ Kf7 29. Qc8 bxc3 30. Qd7+ Kg8 31. Qc8+ Kf7 32. Qd7+ Kg8 33. Qc8+ Kg7 34. Qc7+ Bf7 35. bxc3 Qb1+ 36. Bf1 Qc2 37. Qe7 Qg6 38. Kg2 g4 39. Nh4 f3+ 40. Kg1 Qg5 41. Qd7 Qd2 42. h3 Qxc3 43. Qe7 Kg8 44. Qd8+ Bf8 45. Qg5+ Bg7 46. Qd8+ Bf8 47. Qg5+ 1/2-1/2

[Event "ENG-ch U1700 Women"]
[Site "Kenilworth"]
[Date "2025.07.18"]
[Round "2.3"]
[White "Royce, Anastasija"]
[Black "Van Neerven, Yvon"]
[Result "0-1"]
[WhiteElo "1578"]
[BlackElo "1575"]
[PlyCount "61"]
[EventDate "2025.07.18"]
[EventType "swiss"]
[EventRounds "7"]
[EventCountry "ENG"]
[SourceTitle "BritBase"]
[Source "John Saunders"]
[SourceDate "2025.07.24"]
[SourceVersion "1"]
[SourceVersionDate "2025.07.24"]
[SourceQuality "1"]

1. e4 e6 2. d4 d5 3. e5 c5 4. Nf3 cxd4 5. Nxd4 Nc6 6. Bb5 Bd7 7. Bxc6 Bxc6 8. Nxc6 bxc6 9. O-O Qc7 10. f4 Bc5+ 11. Kh1 Ne7 12. b3 h5 13. Bb2 Nf5 14. Qd3 h4 15. Rf3 Ng3+ 16. Rxg3 hxg3 17. Qxg3 O-O 18. Nc3 Rfd8 19. Na4 Be7 20. Qd3 Bh4 21. Rf1 Rf8 22. h3 g5 23. fxg5 Bxg5 24. Nc5 Bf4 25. Na6 Qb6 26. Bd4 Qb5 27. Qxb5 cxb5 28. Nc5 Bg3 29. Bf2 Bf4 30. Ne4 f5 31. Kg1 0-1

[Event "ENG-ch U1700 Women"]
[Site "Kenilworth"]
[Date "2025.07.18"]
[Round "2.5"]
[White "Vijay, Kayal"]
[Black "Bedi, Devina"]
[Result "0-1"]
[WhiteElo "1561"]
[BlackElo "1506"]
[PlyCount "83"]
[EventDate "2025.07.18"]
[EventType "swiss"]
[EventRounds "7"]
[EventCountry "ENG"]
[SourceTitle "BritBase"]
[Source "John Saunders"]
[SourceDate "2025.07.24"]
[SourceVersion "1"]
[SourceVersionDate "2025.07.24"]
[SourceQuality "1"]

1. d4 c6 2. Nf3 d5 3. e3 Bg4 4. h3 Bh5 5. g4 Bg6 6. Ne5 e6 7. h4 h6 8. Nxg6 fxg6 9. Bd3 Qf6 10. c4 Bd6 11. Qc2 Ne7 12. c5 Bc7 13. Qb3 Rf8 14. f4 b6 15. cxb6 axb6 16. g5 Qf7 17. Bd2 Nd7 18. Bb4 c5 19. dxc5 bxc5 20. Qc2 cxb4 21. Qxc7 Rc8 22. Qb7 Rc1+ 23. Kd2 Rxh1 24. Qa8+ Nc8 25. Qxc8+ Ke7 26. Qc7 Rd8 27. gxh6 gxh6 28. a3 Qf6 29. Kc2 Rh2+ 30. Nd2 b3+ 31. Kc1 Qxh4 32. Nf3 Rh1+ 33. Kd2 Qh2+ 34. Be2 Rxa1 35. Qc3 Nf6 36. Qc5+ Rd6 37. Qa7+ Nd7 38. Qd4 Rc6 39. Qg7+ Kd6 40. Kd3 Re1 41. Nd4 Nc5+ 42. Kd2 0-1

[Event "ENG-ch U1700 Women"]
[Site "Kenilworth"]
[Date "2025.07.18"]
[Round "2.6"]
[White "Lu, Mobai"]
[Black "Amudhavel, Aadharshini"]
[Result "1/2-1/2"]
[WhiteElo "1144"]
[BlackElo "1573"]
[PlyCount "130"]
[EventDate "2025.07.18"]
[EventType "swiss"]
[EventRounds "7"]
[EventCountry "ENG"]
[SourceTitle "BritBase"]
[Source "John Saunders"]
[SourceDate "2025.07.24"]
[SourceVersion "1"]
[SourceVersionDate "2025.07.24"]
[SourceQuality "1"]

1. d4 d5 2. c4 c6 3. Nc3 Nf6 4. Nf3 Bf5 5. Bg5 h6 6. Bf4 dxc4 7. e3 e6 8. Bxc4 b5 9. Bd3 b4 10. Ne2 Bd6 11. Bg3 Bg4 12. h3 Bxf3 13. gxf3 O-O 14. O-O Nh5 15. Kh2 Qc7 16. Rg1 e5 17. dxe5 Bxe5 18. Qf1 Nxg3 19. Nxg3 Bxb2 20. Rb1 Bc3 21. Kh1 Nd7 22. Qg2 Nc5 23. Bc2 Rfe8 24. Nf5 Re6 25. h4 Qe5 26. Qg4 Rd8 27. Rbd1 Rde8 28. Rg2 Kh8 29. Rdg1 Rg8 30. Qg3 Qf6 31. Qg4 Nb7 32. Bb3 Ree8 33. e4 Ref8 34. f4 Nd6 35. Nxd6 Qxd6 36. f5 Qf6 37. Qf4 Be5 38. Qg4 Bd4 39. Qf4 Re8 40. Re1 Bc3 41. Re2 Re5 42. f3 Rc5 43. Rg1 Be5 44. Qg4 Bd4 45. Rd1 Bb2 46. Qf4 Qc3 47. Bxf7 Rf8 48. Bb3 Bc1 49. Qg4 Qe5 50. Rg2 Be3 51. Re2 Bf4 52. Rg2 Rc1 53. Rxc1 Bxc1 54. Rg1 Be3 55. Re1 Bf2 56. Rf1 Bc5 57. Rd1 Bd6 58. Qg2 Qf4 59. h5 Qh4+ 60. Kg1 Bc5+ 61. Kf1 Qxh5 62. Rd7 Qg5 63. Qxg5 hxg5 64. Rc7 Rf6 65. Ba4 Rh6 1/2-1/2

[Event "ENG-ch U1700 Women"]
[Site "Kenilworth"]
[Date "2025.07.18"]
[Round "2.7"]
[White "Ou, Siyuan"]
[Black "Ou, Siyao"]
[Result "1/2-1/2"]
[WhiteElo "1631"]
[BlackElo "1468"]
[PlyCount "91"]
[EventDate "2025.07.18"]
[EventType "swiss"]
[EventRounds "7"]
[EventCountry "ENG"]
[SourceTitle "BritBase"]
[Source "John Saunders"]
[SourceDate "2025.07.24"]
[SourceVersion "1"]
[SourceVersionDate "2025.07.24"]
[SourceQuality "1"]

1. e4 e6 2. d4 d5 3. e5 c5 4. c3 Nc6 5. Nf3 Qb6 6. Bd3 Bd7 7. Bc2 Nh6 8. a3 cxd4 9. cxd4 Nf5 10. Bxf5 exf5 11. Nc3 Be6 12. O-O Be7 13. Rb1 a5 14. Qd3 h6 15. Ne2 g5 16. Rd1 f4 17. Nc3 Rd8 18. Nb5 Rd7 19. Qb3 Qa6 20. Ne1 Bf5 21. Ra1 a4 22. Qxd5 Rxd5 23. Nc7+ Kd8 24. Nxa6 bxa6 25. Nf3 Bc5 26. Bxf4 Bxa3 27. Rxa3 gxf4 28. Rxa4 Bc2 29. Rxa6 Bxd1 30. Ra8+ Ke7 31. Rxh8 Bxf3 32. Rxh6 Be4 33. Rxc6 Rxd4 34. Rc1 Ke6 35. f3 Bf5 36. h3 Rb4 37. Rc6+ Kxe5 38. Rc7 Bg6 39. Re7+ Kf6 40. Re2 Kg7 41. Kh2 Kh6 42. Rd2 Rb3 43. Rd4 Kg5 44. Rd5+ Kh4 45. Rd4 Kg5 46. Rd2 1/2-1/2